Guess the Brand/Company by the slogan - Statistics

General Stats
  • This quiz has been taken 70 times
  • The average score is 5 of 14
Answer Stats
Hint Answer % Correct
" Just Do It" Nike
98%
" I'm Lovin' It" McDonald's
86%
" Taste the Rainbow" Skittles
71%
" Have it your way" Burger King
55%
" The Best a Man Can Get" Gillette
48%
" The Quicker Picker Upper" Bounty
36%
" Think Different" Apple
25%
" Breakfast of Champions" Wheaties
23%
" What's in your wallet?" Capital One
21%
" Think Outside the Bun" Taco Bell
21%
" Live in your world. Play in ours." Playstation
7%
"Fly the Friendly Skies" United Airlines
7%
" Shave Time. Shave Money." Dollar Shave Club
5%
" Think Big" IMAX
2%
No matching quizzes found
Score Distribution
Percent of People with Each Score
Percentile by Number Answered
Your Score History
You have not taken this quiz